000 00302nam a22001337a 4500
008 181019b xxu||||| |||| 00| 0 eng d
020 _a0070296014
041 _aeng
080 _a621
100 _a21
101 _aMEK
245 _aExperimental Methods for Engineers
_cHolman, J.P
942 _2udc
_cBK
999 _c50276
_d50276